00000000cam 2200000zi 4500
0019.962081
003CaOODSP
00520260504105528
006m     o  d f      
007cr cn|||||||||
008260421s2026    onca    ob   f000 0 fre d
020 |a9780660996585
040 |aCaOODSP|bfre|erda|cCaOODSP
043 |an-cn---
0861 |aPS84-261/2026F-PDF
1001 |aFarrell MacDonald, Shanna, |eauteur.
24510|aCe que nous savons au sujet des groupes menaçant la sécurité / |cShanna Farrell MacDonald, Sarah Cram, Angela Smeth et Dena Derkzen.
264 1|aOttawa (Ontario) : |bService correctionnel du Canada = Correctional Service Canada, |c2026.
300 |a1 ressource en ligne (ii, 20 pages) : |billustrations en couleur.
336 |atexte|btxt|2rdacontent/fre
337 |ainformatique|bc|2rdamedia/fre
338 |aressource en ligne|bcr|2rdacarrier/fre
4900 |aRapport spécial ; |vn° SR-26-01
500 |aPublié aussi en anglais sous le titre : What we know about security threat groups (STGs).
504 |aComprend des références bibliographiques (pages 15-20).
520 |a« Le SCC définit un GMS comme suit : « groupe, gang, organisation ou association de détenus/délinquants, structuré ou non structuré, comptant trois membres ou plus » (Directive du commissaire 568-3, 2016). Le SCC est en train de revoir et d'actualiser la politique et cette définition. Les délinquantes et délinquants incarcérés dans des établissements fédéraux qui sont affiliés à des GMS peuvent poser des problèmes de gestion de la population et de sécurité opérationnelle au SCC. Afin d'assurer une compréhension actuelle de la sous-population affiliée à un GMS, les recherches récemment réalisées ont porté sur les cheminements ou les parcours menant à l'affiliation à un GMS, la désaffiliation d'un GMS, ainsi que des comparaisons entre les sous-groupes de GMS. … » -- Page 1.
650 6|aGangs dans les prisons|zCanada.
650 6|aGangsters|zCanada.
650 6|aPrisonniers|zCanada.
7102 |aService correctionnel Canada, |eorganisme de publication.
77508|tWhat we know about security threat groups (STGs) / |w(CaOODSP)9.962080
85640|qPDF|s1.18 Mo|uhttps://publications.gc.ca/collections/collection_2026/scc-csc/PS84-261-2026-fra.pdf